Quiz sulla città di Bologna - Statistics

Statistiche generali
  • Questo quiz è stato fatto 495 volte
  • Il punteggio medio è 14 su 24
Statistiche sulle risposte
Descrizione Risposta % Corretto
Regione amministrativa di quale Bologna è il capoluogo Emilia-Romagna
98%
Edifici pendenti di Bologna che sono tra quelli più alti della città Le Due {Torri}
89%
Condimento tipico a base di pomodoro e di manzo {Ragù} alla Bolognese
89%
Fondata nel 1088, quella di Bologna è la più antica d'Europa Università
83%
Inventore della radio, nato a Bologna Gugliemo Marconi
76%
Insaccato con carne suina, pepe e pistacchi Mortadella
74%
Cantante di Bologna che ha interpretato Caruso nel 1986 Lucio Dalla
71%
Tipo di pasta farcita prodotta nella regione di Bologna Tortellini
71%
Azienda automobilistica di lusso con sede a Bologna Lamborghini
70%
Maggior chiesa di Bologna Basilica di San {Petronio}
68%
Piazza principale di Bologna Piazza {Maggiore}
65%
Bologna si trova al confine di questi due fiumi Reno
63%
Tre soprannomi frequentemente utilizzati per descrivere Bologna La {dotta}
61%
Tre soprannomi frequentemente utilizzati per descrivere Bologna La {grassa}
60%
Tre soprannomi frequentemente utilizzati per descrivere Bologna La {rossa}
59%
Bologna fu fondata da questa civilità nel VI secolo a.C. Etruschi
58%
A causa di un secchio, Bologna è stata in guerra con questa città nel 1325 Modena
52%
Bologna è famosa per questo tipo di galleria, esteso su più di 38 km Portico
49%
Bologna si trova al confine di questi due fiumi Savena
35%
Edificio in quale si trovava la risposta di sopra Archi{ginnasio}
34%
Palazzo comunale di Bologna Palazzo d'{Accursio}
34%
Festival cinematografico dedicato ai film poco conosciuti Il cinema {ritrovato}
20%
Fondatore dell'elettrochimica, nativo di Bologna Luigi Galvani
20%
Famiglia feudale bolognese del Rinascimento esiliata dal Papa Bentivoglio
16%
Nessun quiz corrispondente trovato
Distribuzione punteggi
Percentuale di utenti per punteggio
Percentile per numero di risposta
I tuoi punteggi nel tempo
Non hai fatto questo quiz